Countries that Start with T - Alphabetical Order - Statistics

General Stats
  • This quiz has been taken 29 times
  • The average score is 9 of 11
Answer Stats
Country % Correct
Tajikistan
100%
Taiwan
94%
Tanzania
89%
Thailand
89%
Tunisia
83%
Turkey
83%
Turkmenistan
83%
Tuvalu
83%
Trinidad and Tobago
78%
Togo
72%
Tonga
72%
No matching quizzes found
Score Distribution
Percent of People with Each Score
Percentile by Number Answered
Your Score History
You have not taken this quiz